000 01109cam a22003257a 4500
003 CHAP
005 20220329142616.0
008 010926d2000 mx r 00010 spa d
010 _a85607
011 _a86579
020 _a9682613132
035 _a97118
040 _cCHAP
082 0 4 _a540.3
_bD54Y
245 0 0 _aDiccionario enciclopédico de química
_c/por Jacques Angenault
260 _aMéxico, D.F. :
_bContinental,
_c1998.
300 _a450 p. :
_bgráfs.
534 _pTít. orriginal :
_tLa Chimie, dictionnaire encyclopedique,
_c1985,
_b2 ed. 1
590 _aBATCH-UPD
_b10
_c20130110
_lUCH01
_h2018
590 _aBATCH-UPD
_b10
_c20130410
_lUCH01
_h1337
590 _aBATCH-UPD
_b10
_c20130914
_lUCH01
_h1950
590 _aCONVERSION
_b10
_c20130109
_lUCH01
_h1348
650 1 4 _aQuímica
_xDiccionarios.
_993558
700 0 _aAngenault, Jacques.
_95791
901 _aBK
905 _aAlejandra Carrasco M.
942 _cLIBRO
949 _a540.3 D54Y
_bBC
_cC
_d33724000915963
_eC
_h102442
_i97118
_kI.c/e
_sb
_t$ 215.00
949 _a540.3 D54Y
_bBC
_cC
_d33724002243322
_eC
_fc.2
_gDonaciØn
_h115280
_i97118
_sb
999 _c85607
_d85607